000
00248nam a2200109Ia 4500
008
200302s9999 xx 000 0 und d
100
_a
Lee Sung-Min
245
_a
Detail Annual 3
260
_b
Archiworld Co. Ltd.
260
_c
2005
300
_a
279 P.,
999
_c
3095
_d
3095